Windows NT/2000 native API reference (E-Book) (Record no. 191148)

000 -LEADER
fixed length control field 00527 a2200193 4500
003 - CONTROL NUMBER IDENTIFIER
control field Nust
005 - DATE AND TIME OF LATEST TRANSACTION
control field 20170207154010.0
010 ## - LIBRARY OF CONGRESS CONTROL NUMBER
LC control number 99066351
020 ## - INTERNATIONAL STANDARD BOOK NUMBER
International Standard Book Number 1578701996
035 ## - SYSTEM CONTROL NUMBER
System control number (DLC) 99066351
040 ## - CATALOGING SOURCE
Transcribing agency Nust
082 00 - DEWEY DECIMAL CLASSIFICATION NUMBER
Classification number 005.4/4769
100 1# - MAIN ENTRY--PERSONAL NAME
Personal name Nebbett, Gary.
245 10 - TITLE STATEMENT
Title Windows NT/2000 native API reference (E-Book)
Statement of responsibility, etc. Gary Nebbett.
260 ## - PUBLICATION, DISTRIBUTION, ETC.
Place of publication, distribution, etc. Indianapolis, IN :
Name of publisher, distributor, etc. Macmillan Technical Pub.,
Date of publication, distribution, etc. 2000.
300 ## - PHYSICAL DESCRIPTION
Extent xxx, 496 p. ;
Dimensions 23 cm.
500 ## - GENERAL NOTE
General note Includes index.
650 #0 - SUBJECT ADDED ENTRY--TOPICAL TERM
Topical term or geographic name entry element Operating systems (Computers)
651 ## - SUBJECT ADDED ENTRY--GEOGRAPHIC NAME
Geographic name (E-Book)
Holdings
Withdrawn status Lost status Source of classification or shelving scheme Damaged status Not for loan Collection code Current Location Date acquired Total Checkouts Barcode Date last seen Price effective from Koha item type
            Military College of Signals (MCS) 12/12/2016   MCSEB-326 12/08/2016 12/12/2016 Book
© 2023 Central Library, National University of Sciences and Technology. All Rights Reserved.